| 000 | 00883nam a22002175i 4500 | ||
|---|---|---|---|
| 001 | 162547 | ||
| 003 | ES-MaACL | ||
| 005 | 20250805062426.0 | ||
| 008 | 041118s1897 xxk |||| | eng d | ||
| 040 |
_aCAM _bspa _cCAM |
||
| 100 | 1 |
_aPrescott, William Hickling, _d1796-1859 _9131353 |
|
| 245 | 1 | 4 |
_aThe history of Charles the Fifth / _cof William Hickling Prescott ; edited with the author's latest corrections, by John Foster Kirk. |
| 260 |
_aLondon : _bGibbings & Company, _c1897. |
||
| 300 |
_a2 v. (XVI, 658 ; VIII, 705 p.) ; _c24 cm. |
||
| 490 | 1 |
_aThe complete works of William Hickling Prescott ; _v7 ; 8 |
|
| 600 | 0 | 4 |
_aCarlos _bI, _cRey de EspaƱa _935296 |
| 700 | 1 |
_aKirk, John Foster. _9128461 |
|
| 830 | 0 |
_aThe complete works of William Hickling Prescott ; _v7 ; 8 _9222202 |
|
| 852 |
_aES-MaACL _jG-5951-52 _z-- Enc. tela |
||
| 999 |
_c162547 _d162547 |
||